00792nam a2200217Ia 4500003000400000005001700004008004100021040001800062041000800080082002300088245008700111250001200198260001700210300003400227650004400261650004800305650005000353942003600403999001900439952011600458OSt20230830124318.0210716s1993 xx 000 0 und d cAIMIT LIBRARY aeng a005.11FP 21bMICR aMicrosoft foxpro :brelational database management system for ms dos and windows / a1st ed. aUSA :c1993. aii,L4-58,I-35p. ;bPBc23 cm. aOverview of the foxpro language9131678 aCommands and functiions by category9131679 aCommands and functions alphabetically9131680 2ddccBKe1st ed.k005.11FP MICR c183086d183086 00102ddc40708MCAaAIMITbAIMITd2021-07-16l0o005.11FP MICRpMCA02594r2025-07-21 00:00:00w2021-07-16yBK